rajout du W (6 lettres) - Statistiques

Statistiques générales
  • Ce quiz a été pris 7 fois
  • Le résultat moyen est 6 sur 12
Statistiques - réponses
Mot rajout W % Correct
tonne newton
83%
perco cowper
67%
nagée new age
67%
gadin wading
67%
cambé webcam
50%
serbe webers
50%
léché welche
50%
adoré redowa
33%
doñas sandow
33%
galet talweg
33%
radés waders
33%
globe weblog
17%
Aucun quiz correspondant
Distribution des résultats
% des personnes avec chaque résultat
Percentile par nombre de réponses
Votre historique - résultats
Vous n’avez pas pris ce quiz